Drahý koníček

Trojzložkové financovanie komunálneho odpadu na úrovni samospráv na Slovensku. Finančne podvyživené samosprávy čaká zvyšovanie poplatkov za komunálny odpad a nové komodity, ktoré budú separovať. Motivácia, zodpovednosť obcí.

Saved in:
Bibliographic Details
Main Author: Kazda, Radovan
Format: Book Chapter
Language:Slovak
Subjects:
Tags: Add Tag
No Tags, Be the first to tag this record!

MARC

LEADER 00000naa a2200000 4500
001 0150029
005 20231113075641.7
041 0 |a slo 
044 |a SK 
245 1 0 |a Drahý koníček  |c Radovan Kazda 
520 |a Trojzložkové financovanie komunálneho odpadu na úrovni samospráv na Slovensku. Finančne podvyživené samosprávy čaká zvyšovanie poplatkov za komunálny odpad a nové komodity, ktoré budú separovať. Motivácia, zodpovednosť obcí. 
610 2 0 |a obce 
610 2 0 |a odpad komunálny 
610 2 0 |a recyklácia odpadu 
610 2 0 |a zber separovaný 
610 2 0 |a samospráva miestna 
100 1 |a Kazda, Radovan